titre album intouchables Korn - Statistiques

Statistiques générales
  • Ce quiz a été pris 40 fois
    38 depuis la dernière actualisation
  • Le résultat moyen est 5 sur 14
Answers on the Grid
Answers color-coded by a green-red scale on the quiz's grid according to % correct below.
alone I break
livin' on a prayer
embrace
thoughtless
free bird
got the life
im hiding
bad
beat it upright
sonne
one more time
hotel california
make believe
i was mad for lovin' you
message in a bottle
blind
hating
blame
freak on a leash
no one there
falling away from me
hollow life
y'all want a single
here to stay
words up !
twist
wake up hate
right now
bottled up inside
trash
 
Statistiques - réponses
Réponse % Correct
alone I break
81%
thoughtless
63%
blame
31%
here to stay
31%
hollow life
31%
im hiding
31%
make believe
31%
beat it upright
25%
embrace
25%
hating
25%
one more time
25%
bottled up inside
19%
no one there
19%
wake up hate
19%
Aucun quiz correspondant
Distribution des résultats
% des personnes avec chaque résultat
Percentile par nombre de réponses
Votre historique - résultats
Vous n’avez pas pris ce quiz depuis la dernière actualisation